000 00379cam a2200157ua 4500
020 _cRs.2/-
041 _ahin
_h
082 _a891.43
_bKRI/PA
100 _aKrishnachandra, .
245 _aPrajar /
_cKrishnachandra.
_hTextual Documents
260 _a :
_bRajapal yada sangei ,
_c1958.
300 _a236 ; .
365 _aRs.2/-
504 _a
999 _c12186
_d12186